| 000 | 00464nam a2200181 a 4500 | ||
|---|---|---|---|
| 005 | 20140414132116.0 | ||
| 008 | 101209s19uu xx 00 eng d | ||
| 020 | _a9781848102958 | ||
| 050 |
_aREF 590 _bJ63 2010 |
||
| 100 | _aJohnson, Jinny | ||
| 245 | _aAnimal giant. | ||
| 260 |
_aUnited Kingdom : _bMiles Kelly, _c2010. |
||
| 440 | _aMy top 20 | ||
| 520 | _a | ||
| 650 |
_aAnimals _xMiscellanea _xJuvenile literature. |
||
| 650 |
_a _x |
||
| 999 |
_c114914 _d114914 |
||